Un footballeur pour chaque pays - Lettre S - Statistiques

Statistiques générales
  • Ce quiz a été pris 64 fois
  • Le résultat moyen est 6 sur 23
Statistiques - réponses
Pays Réponses % Correct
Suède Ibrahimovic, Isak, Granqvist, Lindelof, Larsson, Forsberg, Kulusevski, Gyokeres, Brolin, Ljungberg
95%
Suisse Shaqiri, Kobel, Sommer, Xhaka, Akanji, Zakaria, Mbabu, Rodriguez, Schar, Burki
93%
Sénégal Mané, Koulibaly, Mendy, Gueye, Niang, Diatta, Sarr, Jackson, Diawara, Dia
91%
Serbie Vidic, Vlahovic, Tadic, Mitrovic, Milinkovic-Savic, Kostic, Jovic, Matic, Kolarov, Milenkovic
86%
Slovaquie Hamsik, Skriniar, Hancko, Lobotka, Skrtel, Dubravka, Duda, Kucka, Stoch, Weiss
77%
Slovénie Oblak, Handanovic, Ilicic, Kampl, Sesko, Verbic, Belec, Birsa, Beric, Cesar
75%
Syrie Al Soma, Kharbin, Al Somah, Osman, Al Hussain, Sabbag, Al Hussien, Malki, Kalfa, Aiesh
12%
Suriname Becker, Haps, Biseswar, Klaiber, Denswil, Alberg, Donk, Paal, Koolwijk, Leerdam
11%
Sierra Leone Kamara, Turay, Bundu, Sankoh, Caulker, Strasser, Conteh, Kallon, Bangura, Kaikai
11%
Saint-Marin Selva, Vitaioli, Berardi, Nanni, Benedettini, Golinucci, Battistini, Mularoni, D'Addario, Cevoli
9%
Sainte-Lucie Donacien, Forino-Joseph, Ifil, Thomas, Hackett-Fairchild, Alexander, Frederick, Similien, Jean, Elva
7%
Somalie Abdullahi, Junior, Haji, Mohamed, Salim, Aadan Abshir, Daud, Gigli, Ibrahim, Suleiman
5%
Salvador Roldan, Ceren, Alvarez, Gil, Flores, Zavaleta, Zelaya, Purdy, Dominguez, Iraheta
5%
Saint-Christophe-et-Nieves Browne, Sawyers, Harris, Nottingham, Shade, Maynard, Bristow, Sterling-James, Wharton, Burley
4%
Soudan Eisa, Al Dhaw, Bashir, Mustafa, Chol, Noor, Adam, El Tahir, Alagab, Karshoum
4%
São Tomé et Principe Leal, Soares, Bragança, Ivonaldo, Nazaré, Iniesta, Tinho, Viegas, Afonso, Aldair
4%
Seychelles Marie, Zialor, Labrosse, Hausl, Mancienne, Betsy, Baldé, Hopprich, Monnaie, Williams
4%
Samoa américaines Saelua, Salapu, Ott, Natia, Pati, Heleta, Ledoux, Faoa-Danielson, Tualaulelei, Samuelu
4%
Soudan du Sud Tongyik, Athiu, Yuel, Majok, Kuol, Deu, Genaro, Maker, Chol, Wani
4%
Samoa Fa'aiuaso, Setefano, Mobberly, Kapisi, Lalaoata, Matagi, Hamilton-Pama, Daniells, Konusi, Taualai
2%
Singapour Harun, Bennett, Ahmad, Fandi, Sunny, Arifin, Kumar, Swandi, In-Young, Baharudin
2%
Sri Lanka Perera, Bandanage, Jayasuriya, De Silva, Fasal, Waseem Razeek, Ishan, Rajamohan, Supan, Kammerknecht
2%
Saint-Vincent et les Grenadines Stewart, Hamlet, Samuel, Anderson, Spring, Jack, Charles, James, Hendrickson, McLean
2%
Aucun quiz correspondant
Distribution des résultats
% des personnes avec chaque résultat
Percentile par nombre de réponses
Votre historique - résultats
Vous n’avez pas pris ce quiz